000 01882nam0a2200349 4500
001 RU\NLR\BIBL_A\010711593
005 20260408165516.0
010 _a978-5-9239-0735-3
_9100
021 _aRU
_b2015-25004
_91480
035 _a(NLR Aleph) 010711593
090 _a9774523
_c9774523
100 _a20150331d2015 k y0rusy50 ca
101 0 _arus
_deng
102 _aRU
105 _aa|||z|||000yy
200 1 _aЭтюды. Физика без времени. Физика без пространства. Физика без массы. Физика dim 1
_fС. М. Базаров
_gМ-во образования и науки РФ, Федер. гос. образоват. учреждение высш. проф. образования "С.-Петерб. гос. лесотехн. ун-т им. С.М. Кирова"
210 _aСанкт-Петербург
_cСанкт-Петербургский государственный лесотехнический университет, Издательско-полиграфический отдел СПбГЛТУ
_d2015
215 _a20 с.
_cил.
_d20
300 _aРез. на англ. яз.
517 1 _aФизика без времени. Физика без пространства. Физика без массы. Физика dim 1
517 1 _aФизика без пространства. Физика без массы. Физика dim 1
517 1 _aФизика без массы. Физика dim 1
517 1 _aФизика dim 1
606 1 _aПространство и время
_92173538
_3RU\NLR\AUTH\661307338
606 _aМасса (физ.)
_3RU\NLR\AUTH\66527542
_91279363
686 1 _aВ31
700 1 _aБазаров
_bС. М.
_gСергей Михайлович
942 _cBOOK
980 _aNBR
980 _aNB